Города-миллионеры России - Армагеддон - Statistics

General Stats
  • This quiz has been taken 430 times
  • The average score is 10 of 16
Answers on the Grid
Answers color-coded by a green-red scale on the quiz's grid according to % correct below.
Москва
Санкт-Петербург
Оренбург
Новосибирск
Иркутск
Екатеринбург
Казань
Саратов
Красноярск
Нижний Новгород
Томск
Ставрополь
Челябинск
Махачкала
Уфа
Владивосток
Хабаровск
Самара
Ульяновск
Барнаул
Ростов-на-Дону
Ярославль
Краснодар
Омск
Рязань
Воронеж
Пермь
Тольятти
Волгоград
Тюмень
 
Answer Stats
Answer % Correct
Москва
99%
Санкт-Петербург
95%
Новосибирск
86%
Екатеринбург
82%
Казань
76%
Нижний Новгород
68%
Краснодар
59%
Ростов-на-Дону
57%
Красноярск
54%
Волгоград
53%
Челябинск
51%
Уфа
49%
Самара
48%
Омск
46%
Воронеж
45%
Пермь
44%
No matching quizzes found
Score Distribution
Percent of People with Each Score
Percentile by Number Answered
Your Score History
You have not taken this quiz